000 00312 a2200157 4500
001 190547
020 _a978-0-7534-3063-7
040 _cMagnum
100 _aMorris, Heather
240 1 0 _aWeather
_lING
245 1 0 _aWeather
300 _a32
362 0 _a2012
697 _aLITERATURA INGLESA
942 _cBK
999 _c190547
_d190547